| 000 | 01748nam a2200385 i 4500 | ||
|---|---|---|---|
| 001 | 197625 | ||
| 003 | ES-MaACL | ||
| 005 | 20250811062539.0 | ||
| 007 | ta | ||
| 008 | 881006s1986 sp a 000 spa | ||
| 016 | 7 |
_abimoBNE19921205121 _zIBH8605108317 _2SpMaBN |
|
| 017 |
_aM 3954-1986 _bOficina Depósito Legal Madrid |
||
| 020 | _a8450529573 | ||
| 035 | _a(OCoLC)434116357 | ||
| 035 | _a(SpMaBN)bimo0000205035 | ||
| 035 | _a991013634339708606 | ||
| 040 |
_aIBH _bspa _cSpMaBN _erdc |
||
| 080 | _a75.034.7(460.27 M.):061.43(460.27 M.)"1986" | ||
| 245 | 0 | 0 |
_aCarreño, Rizi, Herrera y la pintura madrileña de su tiempo, (1650-1700) : _b [catálogo de la exposición celebrada en Madrid], Museo del Prado, Palacio de Villahermosa, Enero-Marzo, 1986 / _cpreparación, estudio preliminar y catálogo por Alfonso E. Pérez Sánchez ; [edición patrocinada por el Banco Herrero] |
| 260 |
_aMadrid _bMinisterio de Cultura _c1986 |
||
| 300 |
_a367 páginas _bilustraciones a color y blanco y negro _c28 cm |
||
| 336 |
_2rdacontent _atexto |
||
| 337 |
_2rdamedia _asin mediación |
||
| 338 |
_2rdacarrier _avolumen |
||
| 650 | 7 |
_aPintura de retrato- _zMadrid- _vExposiciones _9161979 |
|
| 700 |
_aPérez Sánchez, Alfonso E., _d1935-2010 _9240883 _eorm |
||
| 710 | 2 |
_aBanco Herrero _9142629 |
|
| 710 | 1 |
_aEspaña. _bMinisterio de Cultura _93850 |
|
| 852 |
_aES-MaACL _cDEPO1 _jA-15713 _hDonación: Fernando Codina Rodríguez _xEncuadernación rústica con solapas _9206071 |
||
| 903 |
_aCodina Rodríguez, Fernando _ednr _9238631 |
||
| 942 |
_n0 _cMONOGRAFIA |
||
| 999 |
_c197625 _d197625 |
||